000 00630nam a2200217 a 4500
005 20151217055503.0
008 140224b1990 ck ||||| |||| 00| 0 spa d
040 _aCO-BoIAVH
_cCO-BoIAVH
041 _aspa
044 _ack
090 _aLB
_b00925
100 _aLiévano León, Arturo
_95978
245 _aSituación actual del mercado mundial de pieles de Crocodylia
260 _aBogotá
_bPROEXPORT
_c1990
300 _a70 p.
650 _aComercio de especies
_94307
650 _aProductos derivados de la biodiversidad
_93497
650 _aPieles
_910019
650 _aMercados internacionales
_99402
942 _cINFORME
_2z
999 _c937
_d937